000 00309nam a22001337a 4500
008 170221b xxu||||| |||| 00| 0 eng d
020 _a9780929661667
041 _aeng
080 _a615
100 _a5
101 _aSHF
245 _aTHE JOHNS HOPKINS CONSUMER GUIDE TO DRUGS
_cMARGOLIS, S
942 _2udc
_cBK
999 _c6002
_d6002